LEADER 00881nam a2200229 i 4500 001 000000071661 003 CaOOAMICUS 005 20000209000000.0 008 000209s1972 it u000 u ita u 013 $a42833 040 $aSeMil$bita 100 1 $aFerretti, Giovanni,$d<1933- >.$0(OLS)http://semarc/name/4227 245 10$a2 :$bFilosofia della religione. 300 $aIX, 387 p. 490 0 $aScienze filosofiche ;$v10 500 $aContiene : Bibliografia. 600 14$aScheler, Max.$0(OLS)http://semarc/subject/1189 773 0 $aFerretti, Giovanni <1933- >$tMax Scheler.$dMilano : Vita e Pensiero, 1972.$w()10242 830 0$aScienze filosofiche ;$v10.$0(OLS)http://semarc/title/6934 850 $aSeMil 852 $aSeMil$W1$xVenegono$y1$m2P III 510$j37814$B37814$CSeMilBibl$Z2$F37817 $81 996 $6245$a2 :$bFilosofia della religione$9(OLS)http://semarc/title/115309 LEADER 01512nam a2200361 i 4500 001 000000083162 003 CaOOAMICUS 005 20031028000000.0 008 031028s1995 it u000 u ita u 013 $a55402 020 $a88-04-40659-3 040 $aSeMil$bita 100 0 $aTeresa : di Calcutta,$c.$0(OLS)http://semarc/name/32720 240 12$aA simple Path.$0(OLS)http://semarc/title/130260 245 13$aIl cammino semplice /$cMadre Teresa con Lucinda Vardey ; traduzione di Stefano Castelli e Bruno Osimo. 250 $a2. Edizione. 260 $aMilano :$bArnoldo Mondadori Editore,$c1995. 300 $aXXXI, 132 p. ;$c23 cm. 490 0 $aIngrandimenti 500 $aContiene : Appendici. 600 04$aTeresa : di Calcutta .$0(OLS)http://semarc/subject/6939 700 1 $aOsimo, Bruno.$0(OLS)http://semarc/name/34817 700 1 $aCastelli, Stefano.$0(OLS)http://semarc/name/39165 700 1 $aVardey, Lucinda.$0(OLS)http://semarc/name/39164 830 0$aIngrandimenti.$0(OLS)http://semarc/title/6838 850 $aSeMil 852 $aSeMil$W1$xVenegono$y1$m3H III 409$j47837$B47837$CSeMilBibl$Z2$F50761 $81 900 1 $aMadre Teresa. 961 $aRecupero: Altro 996 $6020$a88-04-40659-3$9(OLS)http://semarc/number/271534 996 $6245$aIl cammino semplice$9(OLS)http://semarc/title/130259 996 $6260$aMilano :$bArnoldo Mondadori Editore$9(OLS)http://semarc/publisher/30056